000 01116nam a22002897a 4500
001 BD-DhSAU 8665
003 BD-DhSAU
005 20200107105928.0
008 150613b2018 bg a|||| m||| 00| 0 eng d
040 _aBD-DhSAU
082 _222
_a595.7
_bZ648
100 _a Zilani , Md. Golam
_4Registration No. 17- 08206
245 _aIntegrated management of Cucurbit Fruit Fly on Ash Gourd /
_c Md. Golam Zilani
_bMs Thesis
260 _aSher-e-Bangla Agricultural University :
_bDepartment of Entomology,
_c2018.
300 _avi, 66p. :
_bill. ;
_c30 cm.
500 _aMS thesis of Department of Entomology, Faculty of Agriculture, Sher-e-Bangla Agricultural University, Dhaka, Bangladesh
504 _aIncludes bibliographical references.
590 _aShofi
650 _aEntomology
650 _aIntegrated management
650 _aCucurbit Fruit Fly
650 _aAsh Gourd
700 _aRahman , Md. Mizanur
_eSuperviser
700 _a Banu , Nur Mohal Akhter
_eCo-superviser
856 _uhttp://archive.saulibrary.edu.bd:8080/xmlui/handle/123456789/3054
_yOnline Access
942 _2ddc
_cTHESIS
999 _c14893
_d14892